| 000 | 00847cam a2200277 i 4500 | ||
|---|---|---|---|
| 008 | |||
| 020 | _a0879691336 (pbk.) | ||
| 049 | _aMAIN | ||
| 090 | _aQH450.2 OPE | ||
| 245 | 0 | 4 |
_aThe Operon / _c[edited by] Jeffrey H. Miller and William S. Reznikoff. |
| 250 | _a2d ed. | ||
| 260 |
_aCold Spring Harbor, N.Y. : _bCold Spring Harbor Laboratory, _c1980. |
||
| 300 |
_avi, 469 p. : _bill. ; _c23 cm. |
||
| 440 | 0 | _aCold Spring Harbor monograph series. | |
| 504 | _aIncludes bibliographical references. | ||
| 500 | _aIncludes index. | ||
| 650 | 0 | _aOperons. | |
| 650 | 7 |
_aGenetica _2larpcal |
|
| 700 | 1 | _aMiller, Jeffrey H. | |
| 700 | 1 | _aReznikoff, William S. | |
| 907 |
_a.b10013921 _b20-02-07 _c17-04-03 |
||
| 003 | |||
| 005 | 20230123133128.0 | ||
| 040 | _cNUST | ||
| 942 |
_cBOOKS _kQH450.2 OPE |
||
| 999 |
_c143238 _d143238 |
||